00198nam a22000857a 4500020001400000100002400014245002500038260003400063490001500097 a049106737 a Patricia C. Wrede  a The phantom menace  aNew Yorkb: Scholasticc1999. a Star Wars